Online
Catalog

Divided they stand / (Record no. 18487)

MARC details
000 -CABECERA
campo de control de longitud fija 00703cam a2200217 a 4500
001 - NÚMERO DE CONTROL
campo de control 000018969
005 - FECHA Y HORA DE LA ÚLTIMA TRANSACCIÓN
campo de control 20200929165906.0
008 - DATOS DE LONGITUD FIJA--INFORMACIÓN GENERAL
campo de control de longitud fija 690227s1969 nju 001 0 eng d
020 ## - NÚMERO INTERNACIONAL ESTÁNDAR DEL LIBRO
Número Internacional Estándar del Libro 0132162008
040 ## - FUENTE DE LA CATALOGACIÓN
Centro catalogador/agencia de origen DO-SdBNP
Lengua de catalogación eng
Centro/agencia transcriptor LC
Centro/agencia modificador BNPHU
050 00 - SIGNATURA TOPOGRÁFICA DE LA BIBLIOTECA DEL CONGRESO
Número de clasificación E851
Número de documento/Ítem .E5
082 ## - NÚMERO DE LA CLASIFICACIÓN DECIMAL DEWEY
Número de clasificación nn*
Número de documento/Ítem E58d
049 ## - FONDOS LOCALES (OCLC)
Fondos de biblioteca BNGR
100 1# - ENTRADA PRINCIPAL--NOMBRE DE PERSONA
Nombre de persona English, David.
9 (RLIN) 40810
245 10 - MENCIÓN DE TÍTULO
Título Divided they stand /
Mención de responsabilidad, etc. David English y el personal del Daily Express de Londres.
260 ## - PUBLICACIÓN, DISTRIBUCIÓN, ETC.
Lugar de publicación, distribución, etc. Englewood Cliffs, NewJork :
Nombre del editor, distribuidor, etc. Prentice-Hall,
Fecha de publicación, distribución, etc. 1969.
300 ## - DESCRIPCIÓN FÍSICA
Extensión x, 428 p. ;
Dimensiones 24 cm.
650 #0 - PUNTO DE ACCESO ADICIONAL DE MATERIA--TÉRMINO DE MATERIA
Término de materia o nombre geográfico como elemento de entrada Presidents
Subdivisión geográfica United States
Subdivisión general Election
Subdivisión cronológica 1968.
9 (RLIN) 40811
730 0# - PUNTO DE ACCESO ADICIONAL--TÍTULO UNIFORME
Título uniforme Daily express (London, England)
9 (RLIN) 40812
910 ## - DATOS DE OPCIÓN DEL USUARIO (OCLC)
Datos de opción del usuario Catalogación derivada / LC
Holdings
Estado de retiro Estado de pérdida Restricciones de uso No para préstamo Código de colección Localización permanente Ubicación/localización actual Ubicación en estantería Fecha de adquisición Número de inventario Total de préstamos Signatura topográfica completa Código de barras Fecha visto por última vez Precio válido a partir de Tipo de ítem Koha
    Préstamo interno   Monografías: Libros y Folletos General General En catalogación 21.05.2010 LF1   nn* E58d 18969-10 25.06.2020 25.06.2020 Préstamo interno

Powered by Koha